000 00714nam a2200229 a 4500
001 000022568
005 20240527201743.0
008 101013s2001 dr 000 0 spa d
020 _a9501521850
040 _aDO-SdBNP
_bspa
_cBNPHU
082 _a321.9
_bM583h
100 1 _aMessadié, Gerald,
_d1931-
_946450
240 1 3 _aHistoire gènèrale de lantisàmitisme
245 1 0 _aHistoria del antisemitismo /
_cGerald Messadié.
260 _aBuenos Aires :
_bGrupo Zeta,
_c2001.
300 _a414 p. ;
_c24 cm.
500 _aIncluye datos biográficos del autor en la solapa de la cubierta
650 4 _aAntisimitismo
_946451
650 0 _aImperialismo
_91499
650 4 _aTotalitarismo
_94368
049 _aBNPD
999 _c22065
_d22065